Name the albums of these kpop groups - Statistics

General Stats
  • This quiz has been taken 68 times
  • The average score is 22 of 102
Answer Stats
Hint Answer % Correct
(G)i-dle I am
59%
5 star
57%
No easy
54%
Maxident
50%
I am you
41%
Stray Kids I am not
39%
I am who
39%
Rock star
39%
Go live
37%
Oddinary
35%
All in
33%
Dark blood
33%
Orange blood
33%
I feel
30%
In life
30%
&twice
30%
Border carnival
28%
Enhypen Border day one
28%
Mixtape
28%
Born to be
26%
Cle levanter
26%
Crazy in love
26%
Fancy you
26%
Feel special
26%
I never die
26%
Signal
26%
Summer nights
26%
Twicetagram
26%
2
24%
Cheshire
24%
Dimension dilemma
24%
Eyes wide open
24%
Guess who
24%
Itzy Itz icy
24%
Kill my doubt
24%
Manifesto day 1
24%
Ready to be
24%
The sound
24%
Twice The story begins
24%
Between 1&2
22%
Checkmate
22%
Cle 1 miroh
22%
Cle 2 yellow wood
22%
Dimension answer
22%
I love
22%
Itz me
22%
Page two
22%
Taste of love
22%
Twicecoaster lane 1
22%
Twicecoaster lane 2
22%
What is love
22%
An ode
20%
Circus
20%
I burn
20%
I made
20%
Merry & happy
20%
Ringo
20%
The year of yes
20%
Yes or yes
20%
Attacca
17%
BDZ
17%
Fml
17%
Formula of love
17%
I trust
17%
More & more
17%
Not shy
17%
Celebrate
15%
Christmas evel
15%
Face the sun
15%
With youth
15%
Dumdi dumdi
13%
Going seventeen
13%
Minisode 1 blue hour
13%
Perfect world
13%
Teen age
13%
The chaos chapter fight or escape
13%
The chaos chapter freeze
13%
The dream chapter eternity
13%
The name chapter freefall
13%
Seventeen 17 carat
11%
Al1
11%
Boys be
11%
Love & letter
11%
Minisode 2 thursdays child
11%
Minisode 3 tomorrow
11%
Sector 17
11%
Semicolon
11%
Sweet
11%
The dream chapter magic
11%
The name chapter temptation
11%
You made my dawn
11%
You make my day
11%
Your choice
11%
Heng garae
9%
Sadame
9%
Seventeenth heaven
9%
TxT The dream chapter star
9%
24h
7%
Dream
7%
Still dreaming
7%
We make you
4%
Chaotic wonderland
2%
No matching quizzes found
Score Distribution
Percent of People with Each Score
Percentile by Number Answered
Your Score History
You have not taken this quiz